Iyer's a legal treatise on police diaries : (Record no. 150082)
[ view plain ]
| 000 -LEADER | |
|---|---|
| fixed length control field | 00810nam a22002057a 4500 |
| 005 - DATE AND TIME OF LATEST TRANSACTION | |
| control field | 20180222104412.0 |
| 010 ## - LCCN (DPL NO) | |
| LC control number | B-689596 |
| 020 ## - INTERNATIONAL STANDARD BOOK NUMBER | |
| Terms of availability | 1895.00 |
| International Standard Book Number | 9789381308196 |
| 035 ## - SYSTEM CONTROL NUMBER | |
| System control number | B-689596 |
| 037 ## - SOURCE OF ACQUISITION | |
| Source of stock number/acquisition | BSB |
| Stock number | dpl |
| 082 ## - DEWEY DECIMAL CLASSIFICATION NUMBER | |
| Classification number | 345.052 |
| 245 ## - TITLE STATEMENT | |
| Title | Iyer's a legal treatise on police diaries : |
| Remainder of title | with a special emphasis upon crime detection criminal investigation prosecution & RTI disclosures of contents of case diaries / |
| 260 ## - PUBLICATION, DISTRIBUTION, ETC. (IMPRINT) | |
| Place of publication, distribution, etc | Delhi |
| Name of publisher, distributor, etc | Delhi Law House |
| Date of publication, distribution, etc | 2017 |
| 270 ## - ADDRESS | |
| Address | 77, Gokhale Market, Opp. Tix Hazari Courts, |
| City | Delhi |
| Postal code | 110034 |
| 300 ## - PHYSICAL DESCRIPTION | |
| Extent | cxl,1592p. |
| Dimensions | 25cm(Hb) |
| 500 ## - GENERAL NOTE | |
| General note | Includes index |
| 505 ## - FORMATTED CONTENTS NOTE | |
| Formatted contents note | Rashtrapati Bhawan |
| 942 ## - ADDED ENTRY ELEMENTS (KOHA) | |
| Source of classification or shelving scheme | Dewey Decimal Classification |
| Item type | English Books |
| Call number suffix | IYE |
| Classification part | 345.052 |
| Withdrawn status | Lost status | Not for loan | Collection code | Home library | Current library | Date acquired | Source of acquisition | Cost, normal purchase price | Full call number | Barcode | Copy number | Cost, replacement price | Koha item type |
|---|---|---|---|---|---|---|---|---|---|---|---|---|---|
| Non-fiction | Mobile Library | Mobile Library | 22/02/2018 | BSB/IN422/16.2.2018/EN/SPL/17-18/770/10.2.2018/16.2.2018 | 1895.00 | 345.052 IYE | B-689596 | 1 | 1895.00 | English Books |
